000
00274nam a2200109Ia 4500
001
1261190
005
20260417140347.0
008
260417s9999 xx 000 0 und d
020
_a
9789754052718
245
0
_a
Noel’de Cinayet
_c
Agatha Christie
260
_b
Altın Kitaplar
999
_c
1261190
_d
1261190